São Paulo FC Squad 2025 - Statistics

General Stats
  • This quiz has been taken 200 times
  • The average score is 22 of 33
Answer Stats
# Position Nation Player % Correct
9 FW Argentina Jonathan Calleri
98%
23 GK Brazil Rafael
97%
5 DF Ecuador Robert Arboleda
97%
10 FW Brazil Luciano
95%
7 FW Brazil Lucas Moura
94%
6 DF Portugal Cédric Soares
92%
93 GK Brazil Jandrei
85%
- Coach Argentina Luis Zubeldía
85%
21 MF Paraguay Damián Bobadilla
84%
28 DF Argentina Alan Franco
83%
48 FW Brazil Lucas Ferreira
82%
32 DF Venezuela Nahuel Ferraresi
82%
8 MF Brazil Oscar
82%
11 FW Brazil Ferreirinha
81%
50 GK Brazil Young
75%
13 DF Argentina Enzo Díaz
74%
29 MF Brazil Pablo Maia
72%
25 MF Brazil Alisson
70%
17 FW Brazil André Silva
69%
20 MF Brazil Marcos Antônio
68%
49 FW Brazil Ryan Francisco
63%
35 DF Brazil Sabino
62%
18 DF Brazil Wendell
59%
2 DF Brazil Igor Vinícius
55%
47 MF Brazil Matheus Alves
48%
16 MF Brazil Luiz Gustavo
46%
15 MF Brazil Rodriguinho
43%
36 DF Brazil Patryck
30%
43 MF Brazil Felipe Negrucci
29%
22 DF Brazil Ruan
25%
37 FW Brazil Henrique Carmo
21%
12 GK Brazil Leandro Mathias
15%
34 DF Brazil Igão
12%
No matching quizzes found
Score Distribution
Percent of People with Each Score
Percentile by Number Answered
Your Score History
You have not taken this quiz